Pokémon PWT : Champions de Sinnoh - Statistiques

Statistiques générales
  • Ce quiz a été pris 207 fois
  • Le résultat moyen est 37 sur 48
Statistiques - réponses
Indice Réponse % Correct
Pierrick Charkos
95%
Charles Bastiodon
92%
Kiméra Ectoplasma
92%
Pierrick Grolem
92%
Charles Steelix
92%
Gladys Blizzaroi
90%
Mélina Mackogneur
90%
Kiméra Magirêve
90%
Lovis Musteflott
90%
Flo Torterra
90%
Flo Ceriflor
89%
Mélina Lucario
89%
Lovis Maraiste
87%
Tanguy Raichu
87%
Flo Roserade
87%
Tanguy Elekable
85%
Lovis Leviator
85%
Charles Magnezone
85%
Gladys Momartik
85%
Gladys Givrali
84%
Tanguy Luxray
84%
Kiméra Noctunoir
84%
Mélina Charmina
82%
Gladys Dimoret
80%
Gladys Mammochon
80%
Pierrick Onix
77%
Kiméra Grodrive
75%
Charles Galeking.
74%
Tanguy Voltali
74%
Tanguy Electrode
70%
Lovis Pingoléon
70%
Mélina Simiabraz
70%
Kiméra Spiritomb
70%
Charles Archeodong
69%
Pierrick Tarinorme
69%
Kiméra Motisma
67%
Tanguy Motisma
67%
Lovis Tritosor
67%
Flo Bouldeneu
64%
Gladys Oniglali
64%
Pierrick Relicanth
62%
Lovis Luminéon
61%
Mélina Coatox
57%
Charles Foretress
56%
Flo Vortente
54%
Mélina Gallame
51%
Flo Phylalli
51%
Pierrick Simularbre
44%
Aucun quiz correspondant
Distribution des résultats
% des personnes avec chaque résultat
Percentile par nombre de réponses
Votre historique - résultats
Vous n’avez pas pris ce quiz